000 00671nam a22002417a 4500
001 14365
003 BD-JhCC
005 20250729105612.0
008 250728b |||||||| |||| 00| 0 eng d
020 _a9780141398273
035 _a(BD-JhCC) 14365
040 _aBD-JhCC
_dBD-JhCC
041 _aeng
082 _223
_a158.1
_bGRA
100 _aGracian,Baltasar
245 _aHow to Use Your Enemies /
_cBaltasar Gracian, Translated by Jeremy Robbins
260 _aIndia:
_bPenguin Classics,
_c2015
300 _a53 p.
_c16 cm.
490 _aPenguin Little Black Classics,
_v12
650 _aEnglish Motivational book
700 _aRobbins,Jeremy
942 _2ddc
_cBK
999 _c14365
_d14365